000
00212 a2200097 4500
001
30204
100
_a
Stevenson R L
245
_a
A thousand shall fall
260
_a
London
_b
Pan Books
_c
090
_c
20147
_d
20147
942
_a
NUST-CAE
_c
M
_c
11278
999
_c
265277
_d
265277